Curso de ciencias económicas : (Registro nro. 5292)
[ vista simple ]
| 000 -LEADER | |
|---|---|
| fixed length control field | 00923nam a2200229Ia 4500 |
| 003 - CONTROL NUMBER IDENTIFIER | |
| control field | OSt |
| 005 - DATE AND TIME OF LATEST TRANSACTION | |
| control field | 20200521114611.0 |
| 008 - FIXED-LENGTH DATA ELEMENTS--GENERAL INFORMATION | |
| fixed length control field | 191128s1934 cl fr 000 0 spa d |
| 040 ## - CATALOGING SOURCE | |
| Original cataloging agency | CO-JMCR |
| Transcribing agency | CO-JMCR |
| 041 0# - LANGUAGE CODE | |
| Language code of text/sound track or separate title | spa |
| 082 04 - DEWEY DECIMAL CLASSIFICATION NUMBER | |
| Classification number | 330 / |
| Item number | M375c |
| Edition number | 23 |
| 100 1# - MAIN ENTRY--PERSONAL NAME | |
| Personal name | Martner, Daniel, |
| Relator term | autor |
| 9 (RLIN) | 4633 |
| 245 10 - TITLE STATEMENT | |
| Title | Curso de ciencias económicas : |
| Remainder of title | economía política / |
| Statement of responsibility, etc. | Daniel Martner |
| 250 ## - EDITION STATEMENT | |
| Edition statement | Segunda edición |
| 260 ## - PUBLICATION, DISTRIBUTION, ETC. | |
| Place of publication, distribution, etc. | Santiago de Chile : |
| Name of publisher, distributor, etc. | Universidad de Chile, |
| Date of publication, distribution, etc. | 1934 |
| 300 ## - PHYSICAL DESCRIPTION | |
| Extent | 651 páginas ; |
| Dimensions | 23 cm. |
| 504 ## - BIBLIOGRAPHY, ETC. NOTE | |
| Bibliography, etc. note | Bibliografía: páginas 637-651 |
| 505 0# - FORMATTED CONTENTS NOTE | |
| Formatted contents note | El concepto de la economía y los diversos períodos del desarrollo económico -- La economía política en sus relaciones con los demás ciencias económicas -- Los sistemas económicos -- Las escuelas económicas y los métodos de investigación |
| 650 14 - SUBJECT ADDED ENTRY--TOPICAL TERM | |
| Topical term or geographic name entry element | Economía |
| 9 (RLIN) | 4634 |
| 650 14 - SUBJECT ADDED ENTRY--TOPICAL TERM | |
| Topical term or geographic name entry element | Economía política |
| 9 (RLIN) | 1838 |
| 942 ## - ADDED ENTRY ELEMENTS (KOHA) | |
| Source of classification or shelving scheme | Dewey Decimal Classification |
| Koha item type | Books |
| Withdrawn status | Lost status | Source of classification or shelving scheme | Damaged status | Not for loan | Collection code | Home library | Current library | Date acquired | Source of acquisition | Cost, normal purchase price | Total Checkouts | Full call number | Barcode | Date last seen | Date last checked out | Copy number | Koha item type |
|---|---|---|---|---|---|---|---|---|---|---|---|---|---|---|---|---|---|
| Dewey Decimal Classification | Non-fiction | Biblioteca Pública José María del Castillo y Rada | Biblioteca Pública José María del Castillo y Rada | 04/15/2018 | Donación | 0.00 | 1 | 330 / M375c | 430001671 | 05/16/2024 | 04/09/2024 | V.1 / Ej.1 | Books |